000 00544nam a2200181Ia 4500
005 20250326140516.0
008 250326s9999 xx 000 0 und d
037 _aTextbook
040 _aFMSL
_beng
_cFMSL
041 _aeng
_2eng
084 _aX:87 L7;1
_qFMSL
100 _aJames Muriel
245 0 _aBorn to win: Tranactional analysis with gestalt experiments
_cJames Muriel; Jongeward Dorothy
260 _aN Y
_bN Y, New American Library
_c1977
300 _axx,330
942 _cTB
_hX:87 L7;1
999 _c1286112
_d1286112